The new economy of China : (Record no. 43148)
[ view plain ]
| 000 -LEADER | |
|---|---|
| fixed length control field | 00728nam a2200253 a 4500 |
| 001 - CONTROL NUMBER | |
| control field | 43148 |
| 003 - CONTROL NUMBER IDENTIFIER | |
| rucl marc code | BD-RjUL |
| 005 - DATE AND TIME OF LATEST TRANSACTION | |
| control field | 20211209053644.0 |
| 008 - FIXED-LENGTH DATA ELEMENTS--GENERAL INFORMATION | |
| fixed length control field | 160619s1958 ii 001 0 eng |
| 035 ## - SYSTEM CONTROL NUMBER | |
| System control number | (BD-RjUL)43266 |
| System control number | (OCoLC)34044920 |
| 040 ## - CATALOGING SOURCE | |
| Original cataloging agency | DLC |
| Transcribing agency | GASU |
| Modifying agency | DLC |
| -- | BD-RjU |
| Language of cataloging | eng |
| 041 ## - LANGUAGE CODE | |
| Language code of text/sound track or separate title | eng |
| 082 #0 - DEWEY DECIMAL CLASSIFICATION NUMBER | |
| Classification number | 330.951 |
| Edition number | 23 |
| Author mark and year | CHN 1958 |
| 100 0# - MAIN ENTRY--PERSONAL NAME | |
| Personal name | Chand, Gyan |
| Dates associated with a name | 1893-1983. |
| 9 (RLIN) | 132507 |
| 245 14 - TITLE STATEMENT | |
| Title | The new economy of China : |
| Remainder of title | factual account, analysis, and interpretation / |
| Statement of responsibility, etc. | Gyan Chand |
| 250 ## - EDITION STATEMENT | |
| Edition statement | 1st ed. |
| 260 ## - PUBLICATION, DISTRIBUTION, ETC. (IMPRINT) | |
| Place of publication, distribution, etc. | Bombay : |
| Name of publisher, distributor, etc. | Vora, |
| Date of publication, distribution, etc. | 1958 |
| 300 ## - PHYSICAL DESCRIPTION | |
| Pagination | 429 p. ; |
| Size | 23 cm. |
| 500 ## - GENERAL NOTE | |
| General note | Include index |
| 651 #0 - SUBJECT ADDED ENTRY--GEOGRAPHIC NAME | |
| Geographic name | China |
| General subdivision | Economic conditions. |
| 9 (RLIN) | 132508 |
| 942 ## - ADDED ENTRY ELEMENTS (KOHA) | |
| Source of classification or shelving scheme | Dewey Decimal Classification |
| Koha item type | Books |
| Lost status | Source of classification or shelving scheme | Damaged status | Not for loan | Collection code | Permanent Location | Current Location | Shelving location | Date acquired | Source of acquisition | Cost, normal purchase price | Total Checkouts | Full call number | Date last seen | Copy number | Koha item type |
|---|---|---|---|---|---|---|---|---|---|---|---|---|---|---|---|
| Dewey Decimal Classification | Not For Loan | Non-fiction | Central Library, University of Rajshahi | Central Library, University of Rajshahi | Reading Room | 16/12/1963 | zetlinger | 40.00 | 330.951 CHN 1958 | 19/06/2016 | C-1 | Books |